Co to za logo na literę G? - Statystyki

Ogólne statystyki
  • Ten quiz został rozwiązany 3 585 razy
  • Średni wynik to 6 z 16
Statystyki odpowiedzi
Obrazkowy Odpowiedź % Poprawnych
Google
100%
Gerber
91%
Gucci
79%
Gillette
78%
Guess
63%
Goodyear
53%
Guinness
45%
Gap
38%
Gatorade
37%
GameStop
12%
Gold's Gym
6%
Geico
4%
Green Giant
4%
General Mills
3%
Ghirardelli
3%
Godiva
3%
Nie znaleziono quizów pasujących do podanych kryteriów
Rozkład punktacji
Procent ludzi z każdym wynikiem
Percentyl według liczby udzielonych odpowiedzi
Twoja historia wyników
Nie rozwiązałeś tego quizu